Pakistan's Foreign Policy A Reappraisal / (Record no. 563233)

000 -LEADER
fixed length control field 00361nam a2200133Ia 4500
008 - FIXED-LENGTH DATA ELEMENTS--GENERAL INFORMATION
fixed length control field 210430s9999 xx 000 0 und d
020 ## - INTERNATIONAL STANDARD BOOK NUMBER
International Standard Book Number 9780195798012
082 ## - DEWEY DECIMAL CLASSIFICATION NUMBER
Classification number 327 A516 P
100 ## - MAIN ENTRY--PERSONAL NAME
Personal name Shahid M.Amin
9 (RLIN) 484
245 ## - TITLE STATEMENT
Title Pakistan's Foreign Policy A Reappraisal /
Statement of responsibility, etc. Shahid M.Amin
260 ## - PUBLICATION, DISTRIBUTION, ETC.
Place of publication, distribution, etc. USA
Name of publisher, distributor, etc. Shahid M.Amin
Date of publication, distribution, etc. 2007
300 ## - PHYSICAL DESCRIPTION
Extent 327P
942 ## - ADDED ENTRY ELEMENTS (KOHA)
Koha item type Book
Source of classification or shelving scheme
Holdings
Withdrawn status Lost status Damaged status Not for loan Collection code Permanent Location Current Location Shelving location Date acquired Total Checkouts Full call number Barcode Date last seen Date last checked out Price effective from Koha item type
          School of Chemical & Materials Engineering (SCME) School of Chemical & Materials Engineering (SCME) General Stacks   1 327 A516 P SCME-2144 11/14/2025 07/17/2025 04/30/2021 Book
© 2023 Central Library, National University of Sciences and Technology. All Rights Reserved.